000 00312nam a22001337a 4500
008 170725b xxu||||| |||| 00| 0 eng d
020 _a9780735605091
041 _aeng
080 _a004
100 _a29
101 _aSHKI
245 _aPROGRAMMUNG MICROSOFT OUTLOOK AND EXCHANGE
_cRIZZO, TH
942 _2udc
_cBK
999 _c21861
_d21861